000 01496cam a22003854i 4500
003 PE-LiUPU
005 20250731184100.0
008 150623s r 000 0 d
020 _a1575060469
035 _a(Sirsi) i9781575060460
040 _aPE-LiUPU
_bspa
_cPE-LiUPU
_erda
049 _aPRUA
082 0 4 _a892.1
_bW92
_221
100 1 _aWright, David P.,
_d1953-,
_eautor.
245 1 0 _aRitual in Narrative :
_bThe dynamics of feasting, mourning, and retaliation rites in the ugaritic tale of Aqhat /
_cDavid P. Wright.
264 1 _aWinoma Lake, Indiana :
_bEisenbrauns,
_c2001.
300 _a242 páginas :
_bilustraciones, cuadros ;
_c23 centímetros
336 _atext
_2rdacontent
337 _aunmediated
_2rdamedia
338 _avolume
_2rdacarrier
504 _aIncluye bibliografía.
505 0 _aFelicitous feasts and offerings. -Infelicitous feasts and offerings. -Mourning and retaliation. -Renewal and revenge.
526 _aP145
526 _aP127
526 _aP97
526 _aP14
526 _aP07
650 0 4 _aLiteratura épica acadia.
942 _2ddc
_cBOOK
949 _a892.1 W92
_wDEWEY
_c1
_i49132
_lCCODEBUL1
_mBUL
_r0
_sY
_tBOOK
_u2015-6-24
_xTEOLOGIA
_PP35
_0COMPRA
_o.STAFF. Colección General
994 _aC0
_bPEPRU
596 _a1
999 _a892.1 W92
_wDEWEY
_c28279
_i49132
_f2021-11-11
_g5
_lCCODEBUL1
_mBUL
_r0
_sY
_tBOOK
_u2015-6-24
_xTEOLOGIA
_PP35
_0COMPRA
_o.STAFF. Colección General
_d28279
980 _81
_gALBERTO SANCHEZ Responsable de Automatización